书目信息 |
| 题名: |
极简逻辑学
|
|
| 作者: | 李艾伦 著 | |
| 分册: | ||
| 出版信息: | 北京 民主与建设出版社有限责任公司 2020 |
|
| 页数: | 175页 | |
| 开本: | 24cm | |
| 丛书名: | ||
| 单 册: | ||
| 中图分类: | B81-49 | |
| 科图分类: | ||
| 主题词: | 逻辑学--luo ji xue--通俗读物 | |
| 电子资源: | ||
| ISBN: | 978-7-5139-2641-6 | |
| 000 | 00824nam0 2200229 450 | |
| 001 | 2160522066 | |
| 005 | 20210926145319.0 | |
| 010 | @a978-7-5139-2641-6@dCNY49.80 | |
| 100 | @a20201201d2020 em y0chiy0120 ea | |
| 101 | 0 | @achi |
| 102 | @aCN@b110000 | |
| 105 | @ay z 000yy | |
| 106 | @ar | |
| 200 | 1 | @a极简逻辑学@Aji jian luo ji xue@f李艾伦著 |
| 210 | @a北京@c民主与建设出版社有限责任公司@d2020 | |
| 215 | @a175页@d24cm | |
| 330 | @a本书在力求科普逻辑学知识的同时,又保有一定的趣味性。全书共七章,内容包括:逻辑学的基本原理;形式逻辑:让人明辨是非的逻辑;演绎推理:逻辑高手的思维模型;归纳和类比:让人思维清晰有条理的逻辑;常见逻辑谬误等。 | |
| 606 | 0 | @a逻辑学@Aluo ji xue@j通俗读物 |
| 690 | @aB81-49@v5 | |
| 701 | 0 | @a李艾伦@Ali ai lun@4著 |
| 801 | 0 | @aCN@b百万庄@c20210926 |
| 905 | @b1300903-06@dB81-49@e280@f4 | |
| 极简逻辑学/李艾伦著.-北京:民主与建设出版社有限责任公司,2020 |
| 175页;24cm |
| ISBN 978-7-5139-2641-6:CNY49.80 |
| 本书在力求科普逻辑学知识的同时,又保有一定的趣味性。全书共七章,内容包括:逻辑学的基本原理;形式逻辑:让人明辨是非的逻辑;演绎推理:逻辑高手的思维模型;归纳和类比:让人思维清晰有条理的逻辑;常见逻辑谬误等。 |
| ● |
| 相关链接 |
|
|
|
|
正题名:极简逻辑学
索取号:B81-49/280
 
预约/预借
| 序号 | 登录号 | 条形码 | 馆藏地/架位号 | 状态 | 备注 |
| 1 | 1300903 | 213009037 | 第一样本阅览室/ [索取号:B81-49/280] | 在馆 | |
| 2 | 1300904 | 213009046 | 第一借阅区/ [索取号:B81-49/280] | 在馆 | |
| 3 | 1300905 | 213009055 | 第一借阅区/ [索取号:B81-49/280] | 在馆 | |
| 4 | 1300906 | 213009064 | 第一借阅区/ [索取号:B81-49/280] | 在馆 |